Hollow Knight Skills/Unlocks Quiz - Statistics

General Stats
  • This quiz has been taken 655 times
  • The average score is 25 of 36
Answer Stats
Hint Answer % Correct
Aquired from beating Hornet Protector (Greenpath) Mothwing Cloak/Dash
95%
Found in Mantis Village Mantis Claw/Wall Jump
90%
Found in the back of Crystal Peaks Crystal Heart/CDash
84%
Collected after defeating Soul Master Desolate Dive/Dive
83%
Found in Isma's Grove Isma's Tear
83%
Given by a moth in the Dream World Dream Nail
82%
Allows the player to weild more charms Charm Notch
81%
Dreamer found in Fog Canyon (Teacher's Achives) Monomon
81%
Granted by the living Snail Shaman Vengeful Spirit/Fireball
81%
Dreamer found in Deepnest (Beast's Den) Herrah
80%
Grants Access to City of Tears (Forgetten Crossroads) City Crest
79%
Collected after defeating Broken Vessel Monarch Wings/Double Jump
78%
Dreamer found in City of Tears (Watcher Spire) Lurien
77%
Found in the Crystalized Mound Descending Dark/DDark
76%
Obtained at the start of the game (King's Pass) Focus
75%
Gives the player extra health when four are collected Mask Shard
75%
Found across the Lake of Void Shade Cloak
75%
Nail upgrade 4 Pure Nail
74%
Taught by Nailmaster Oro Dash Slash
73%
Taught by Nailmaster Sheo Great Slash
72%
Found in the Failed Tramway Tram Pass
72%
Found in the Overgrown Mound Howling Wraiths/Wraiths
70%
Taught by Nailmaster Mato Cyclone Slash
68%
1800 essence Seer reward Awoken Dream Nail
66%
Aquired from beating Hornet Sentinel (Kingdom's Edge) King's Brand
64%
Collected after killing Soul Warrior Shade Soul
64%
900 essence Seer reward Dream Gate
63%
Found In the Junk Pit Godtuner
58%
Purchased from Selubra after collecting 40 charms Selubra's Blessing
58%
Obtained by yelling in The Abyss Abyss Shreik/Shreik
51%
Nail upgrade 3 Coiled Nail
47%
Starting Nail Old Nail
47%
Granted from a lore tablet in The Black Egg World Sense
42%
Nail upgrade 2 Channeled Nail
39%
Nail upgrade 1 Sharpened Nail
39%
Gives the player extra soul when three are collected Soul Vessel Fragment
16%
No matching quizzes found
Score Distribution
Percent of People with Each Score
Percentile by Number Answered
Your Score History
You have not taken this quiz